| 000 | 00772nam a2200241 a 4500 | ||
|---|---|---|---|
| 001 | 21668 | ||
| 003 | CO-ViMGA | ||
| 008 | 141112s2004 ck r 000 u spa d | ||
| 020 | _a8434822806 | ||
| 040 |
_aCO-ViMGA _bspa _cCO-ViMGA |
||
| 082 | 0 | 4 | _aPOSh |
| 100 | 1 |
_aPosadas, Carmen de; Balzola, Asun il. _930933 |
|
| 245 | 1 | 0 | _aHipo canta |
| 250 | _a6 | ||
| 260 |
_aMadrid : _bEdiciones MS, _c1994 |
||
| 300 | _a61 | ||
| 490 | _aEl barco de vapor; 17 | ||
| 500 | _aA partir de los 5 años. | ||
| 590 | _aForma de adquisición : Donación fact. 8855 - - Precio : 17000 - - Proveedor : Fundación exito - - Fecha de adquisición : Junio 2007 | ||
| 650 | 1 | 4 |
_aCUENTOS INFANTILES ESPAÑOLES _9725 |
| 650 | 1 | 4 |
_aHIPOPOTAMOS - CUENTOS INFANTILES _930934 |
| 942 |
_2ddc _cBK |
||
| 999 |
_c30232 _d30232 |
||